Comtés (județe) de Roumanie sur une carte - Statistiques

Statistiques générales
  • Ce quiz a été pris 722 fois
  • Le résultat moyen est 20 sur 42
Réponses sur la Carte
Les réponses sont colorées sur une échelle allant du rouge au vert en fonction du pourcentage des utilisateurs qui les ont devinées à leur premier essai. Vous pouvez retrouver ces pourcentages ci-dessous.
 
Statistiques - réponses
Județe % Correct
Bucarest
88%
Cluj
79%
Constanța
77%
Timiș
76%
Iași
73%
Brașov
68%
Arad
62%
Maramureș
56%
Galați
55%
Ilfov
55%
Suceava
55%
Sibiu
53%
Alba
51%
Bacău
51%
Satu Mare
51%
Tulcea
51%
Botoșani
50%
Buzău
49%
Olt
49%
Mureș
46%
Brăila
43%
Giurgiu
43%
Argeș
42%
Dolj
42%
Bihor
41%
Vaslui
41%
Neamț
40%
Hunedoara
39%
Prahova
39%
Călărași
38%
Harghita
37%
Teleorman
37%
Bistrița-Năsăud
36%
Covasna
36%
Gorj
36%
Ialomița
36%
Vâlcea
36%
Dâmbovița
35%
Mehedinți
35%
Sălaj
35%
Vrancea
35%
Caraș-Severin
33%
Aucun quiz correspondant
Distribution des résultats
% des personnes avec chaque résultat
Percentile par nombre de réponses
Votre historique - résultats
Vous n’avez pas pris ce quiz